| 000 | 00379nam a2200157Ia 4500 | ||
|---|---|---|---|
| 008 | 230917s9999||||xx |||||||||||||| ||und|| | ||
| 040 |
_e28877 _aMAIN |
||
| 041 | _aEnglish | ||
| 082 | _a005.133 P199V | ||
| 100 | _aPappas, Chris H | ||
| 245 | 0 | _aVisual C++ handbook | |
| 250 | _a2nd ed | ||
| 260 |
_aNew Delhi _bTata McGraw-Hill _c1997 |
||
| 300 | _axxxi,1096 p. | ||
| 942 | _cBK | ||
| 999 |
_c92197 _d92197 |
||